| 000 | 00838nam a2200169 a 4500 | ||
|---|---|---|---|
| 008 | 120416s0000 ||||||||||||||||| || u | ||
| 020 | _a0070994080 | ||
| 050 | _aT 57.85 Lev | ||
| 100 | _aLevin, Richard I | ||
| 245 | 1 | 0 | _aPlanning and control with PERT/CPM |
| 260 |
_aNew Delhi _bTata McGraw-Hill _c1977 |
||
| 300 | _ax, 179p. : ill. | ||
| 350 | _a0.00 | ||
| 995 |
_aMAIN LIBRARY OPEN ACCESS _D0.00 _e724424 _FCBU-MAIN LIBRARY (Kitwe) _H3 _I45.00 _jT 57.85 Lev _M2 _UAVAILABLE _y016169 _ZMain Library Open Access Collection |
||
| 995 |
_aANNEX COLLECTION (Main Library) _D0.00 _e714423 _FCBU-MAIN LIBRARY (Kitwe) _H1 _I45.00 _jT 57.85 Lev _M1 _UAVAILABLE _y016168 _ZAnnex Low-Usage Collection |
||
| 995 |
_aMAIN LIBRARY OPEN ACCESS _D0.00 _e724425 _FCBU-MAIN LIBRARY (Kitwe) _H2 _I45.00 _jT 57.85 Lev _M3 _UAVAILABLE _y016170 _ZMain Library Open Access Collection |
||
| 999 |
_c81935 _d81935 |
||